| 000 | 01023nam a2200241 a 4500 | ||
|---|---|---|---|
| 001 | 39485 | ||
| 003 | BD-RjUL | ||
| 005 | 20211209053012.0 | ||
| 008 | 160411s2014 bg ||||e |||| 00| 0 ben d | ||
| 020 |
_a9847000002303 _c:Tk.160.00 |
||
| 035 | _a(BD-RjUL)39598 | ||
| 040 |
_aBD-RjUL _bben _cBD-RjUL |
||
| 041 | _aben | ||
| 082 |
_223 _a973.3092 _bFRA 2013 |
||
| 100 |
_aফ্রাঙ্কলিন, বেঞ্জামিন _9121792 |
||
| 245 |
_aআমার জীবন / _cবেঞ্জামিন ফ্রাঙ্কলিন, অনুবাদ সুহ্রদ সরকার |
||
| 260 |
_aঢাকা : _bজাতীয় সাহিত্য প্রকাশ, _c২০১৪ |
||
| 300 |
_a৮০ পৃ. ; _c২২ সে.মি. |
||
| 600 |
_aফ্রাঙ্কলিন, বেঞ্জামিন _d১৭০৬-১৭৯০ _9122160 |
||
| 600 |
_aFranklin, Benjamin, _d1706-1790 _9122161 |
||
| 700 |
_aসরকার, সুহ্রদ অনুবাদ _9121751 |
||
| 942 |
_2ddc _cBK _02 |
||
| 999 |
_c39485 _d39485 |
||